| 000 | 00550nam a22001697a 4500 | ||
|---|---|---|---|
| 003 | NUST | ||
| 038 | _aNusrat Nadeem | ||
| 082 | _a200 | ||
| 100 |
_a Riaz Ramish _9124179 |
||
| 245 |
_aDevelopment of Microbubble Contrast Agents for Left Ventricle Opacification/ _cRamish Riaz |
||
| 264 |
_aIslamabad; _bASAB NUST; _c2022. |
||
| 300 |
_a169,p; _bill; _c30,cm. |
||
| 650 |
_aPhD-Industrial Biotechnology _9123908 |
||
| 700 |
_aSupervisor:Dr.Shah Rukh Abbas _9120177 |
||
| 856 | _uhttp://10.250.8.41:8080/xmlui/handle/123456789/31574 | ||
| 942 |
_2ddc _cSC |
||
| 999 |
_c610118 _d610118 |
||